000 00727npc a2200229Ia 4500
001 dg85-48652
003 IT-MiCISF
008 161014s9999||||xx | und||
040 _aIT-MiCISF
_cIT-MiCISF
041 _aen
100 _aBagavos Christos
240 _aLow Fertility, Families and Public Policies
245 0 _aLow Fertility, Families and Public Policies
_bSynthesis Report, Annual Seminar
250 _a1a ed.
260 _aAustria
_bAustrian Institute for Family Studies
_c2000
300 _app. 103
500 _ainclude versioni in tedesco e in francese / politica-familiare, denatalità /
650 _apolitica-familiare
700 _aMartin Claude
942 _cDD
957 _71
999 _a48652
_bsi
_g1
_c207101
_d207101